Cuentos

I tiakina i:
Ngā taipitopito rārangi puna kōrero
Kaituhi matua: Rojas Sepúlveda, Manuel, 1896-1973 (Author)
Hōputu: Pukapuka
Reo:Pāniora
I whakaputaina: Santiago Ediciones Universidad Alberto Hurtado 2016
Putanga:1a. ed
Ngā marau:
Ngā Tūtohu: Tāpirihia he Tūtohu
Kāore He Tūtohu, Me noho koe te mea tuatahi ki te tūtohu i tēnei pūkete!

MARC

LEADER 00000cam a2200000 a 4500
001 UCD9040
003 CL-VaPUC
008 170602e20160000cl |||||||||||||||||spa|d
020 |a 9789563570588 
082 0 4 |a Ch863  |b ROJ  |2 21 
100 |a Rojas Sepúlveda, Manuel,   |d 1896-1973  |e author  |9 577404 
245 1 0 |a Cuentos 
250 |a 1a. ed 
300 |a 411 p 
942 |c BK 
945 |d 20170602 23:29:00  |a dcastane 
260 |a Santiago  |b Ediciones Universidad Alberto Hurtado  |c 2016 
650 0 |a Cuentos chilenos   |9 308280 
650 0 |a Literatura chilena   |9 308278 
583 |a last modification  |c 20170602 23:29:00  |k Rodrigo Vera 
999 |c 368343  |d 368341 
952 |0 0  |1 0  |3 erb  |4 0  |6 CH_863_000000000000000_ROJ_2016  |7 0  |8 A  |9 483628  |a BIBEDU  |b BIBEDU  |i 5393507  |l 1  |m 1  |o Ch863 ROJ 2016  |p 5393507  |r 2022-03-30  |s 2022-03-16  |w 2019-11-24  |y BK  |z Catalogado en:20170602  |k LIT 
952 |0 0  |1 0  |3 erb  |4 0  |6 CH_863_000000000000000_ROJ_2016  |7 0  |8 A  |9 483629  |a BIBEDU  |b BIBEDU  |i 5393515  |o Ch863 ROJ 2016  |p 5393515  |r 2019-11-24  |w 2019-11-24  |y BK  |z Catalogado en:20170602  |k LIT